| 000 | 00371nam a2200145Ia 4500 | ||
|---|---|---|---|
| 008 | 240624s9999 xx 000 0 und d | ||
| 041 | _aeng | ||
| 082 | _a658.4038 JES | ||
| 100 | _aJESSUP LEONARD | ||
| 245 | _aINFORMATION SYSTEMS TODAY MANAGING IN TH | ||
| 250 | _a(3rd ed.) | ||
| 260 |
_c2009 _aNew Delhi _bPHI |
||
| 300 | _axxvi, : 598 : p. : cm. ; 26 | ||
| 365 | _cRS | ||
| 999 |
_c28789 _d28789 |
||